[Event "Najdorf Memorial"]
[Site "Warsaw POL"]
[Date "2021.07.15"]
[Round "6.26"]
[White "Redzisz, Michal"]
[Black "Malaczek, Mateusz"]
[Result "1/2-1/2"]
[WhiteElo "2246"]
[BlackElo "1991"]
[EventDate "2021.07.10"]
[PlyCount "79"]
[LiveChessVersion "1.4.8"]

1.d4 {[%clk 1:30:58]} 1...g6 {[%clk 1:30:53]} 2.c4 {[%clk 1:31:08]} 2...Bg7
{[%clk 1:31:17]} 3.Nf3 {[%clk 1:31:32]} 3...d6 {[%clk 1:31:31]} 4.g3 {[%clk
1:31:54]} 4...Nd7 {[%clk 1:31:48]} 5.Bg2 {[%clk 1:32:18]} 5...e5 {[%clk
1:32:10]} 6.O-O {[%clk 1:31:25]} 6...Ne7 {[%clk 1:32:32]} 7.Nc3 {[%clk 1:30:41]}
7...O-O {[%clk 1:32:54]} 8.e4 {[%clk 1:26:17]} 8...exd4 {[%clk 1:32:30]} 9.Nxd4
{[%clk 1:26:32]} 9...Nc6 {[%clk 1:32:51]} 10.Nde2 {[%clk 1:18:35]} 10...a5
{[%clk 1:33:03]} 11.f4 {[%clk 1:18:00]} 11...Nc5 {[%clk 1:29:37]} 12.Be3 {[%clk
1:12:54]} 12...a4 {[%clk 1:09:44]} 13.Rb1 {[%clk 1:10:34]} 13...Bg4 {[%clk
1:05:47]} 14.h3 {[%clk 1:09:15]} 14...Bxe2 {[%clk 1:04:43]} 15.Qxe2 {[%clk
1:09:43]} 15...a3 {[%clk 1:00:29]} 16.e5 {[%clk 1:00:58]} 16...axb2 {[%clk
0:53:08]} 17.Rxb2 {[%clk 0:57:59]} 17...Ne6 {[%clk 0:47:25]} 18.Rxb7 {[%clk
0:42:10]} 18...Ncd4 {[%clk 0:43:02]} 19.Bxd4 {[%clk 0:41:14]} 19...Nxd4 {[%clk
0:43:25]} 20.Qe4 {[%clk 0:41:25]} 20...dxe5 {[%clk 0:43:02]} 21.fxe5 {[%clk
0:41:47]} 21...Ra3 {[%clk 0:41:55]} 22.Nd5 {[%clk 0:32:16]} 22...Ne6 {[%clk
0:39:19]} 23.Nf6+ {[%clk 0:22:14]} 23...Bxf6 {[%clk 0:38:47]} 24.exf6 {[%clk
0:22:41]} 24...Rxa2 {[%clk 0:35:23]} 25.Qe3 {[%clk 0:21:51]} 25...Qd6 {[%clk
0:33:59]} 26.Rb3 {[%clk 0:17:44]} 26...Re8 {[%clk 0:14:36]} 27.Re1 {[%clk
0:12:44]} 27...Qd8 {[%clk 0:13:30]} 28.Bc6 {[%clk 0:10:13]} 28...Rf8 {[%clk
0:13:22]} 29.Rf1 {[%clk 0:08:29]} 29...Qd4 {[%clk 0:03:27]} 30.Bd5 {[%clk
0:08:21]} 30...Re2 {[%clk 0:03:17]} 31.Qxd4 {[%clk 0:08:32]} 31...Nxd4 {[%clk
0:03:42]} 32.Rb7 {[%clk 0:08:40]} 32...c6 {[%clk 0:03:49]} 33.Bg2 {[%clk
0:07:33]} 33...Rc2 {[%clk 0:02:35]} 34.Rb4 {[%clk 0:04:53]} 34...h5 {[%clk
0:02:54]} 35.Rf2 {[%clk 0:03:39]} 35...Rc1+ {[%clk 0:02:01]} 36.Kh2 {[%clk
0:03:58]} 36...Re8 {[%clk 0:02:01]} 37.c5 {[%clk 0:03:59]} 37...Rd8 {[%clk
0:01:51]} 38.Rfb2 {[%clk 0:02:09]} 38...Ne6 {[%clk 0:00:37]} 39.Rb8 {[%clk
0:01:49]} 39...Rxb8 {[%clk 0:00:55]} 40.Rxb8+ {[%clk 0:32:15]} 1/2-1/2

[Event "Najdorf Memorial"]
[Site "Warsaw POL"]
[Date "2021.07.15"]
[Round "6.27"]
[White "Dwilewicz, Katarzyna"]
[Black "Chmiel, Marcin"]
[Result "1-0"]
[WhiteElo "2082"]
[BlackElo "2237"]
[EventDate "2021.07.10"]
[PlyCount "113"]
[LiveChessVersion "1.4.8"]

1.e4 {[%clk 1:30:58]} 1...c6 {[%clk 1:23:08]} 2.d4 {[%clk 1:31:09]} 2...d5
{[%clk 1:23:31]} 3.Nc3 {[%clk 1:31:33]} 3...dxe4 {[%clk 1:23:55]} 4.Nxe4 {[%clk
1:31:59]} 4...Bf5 {[%clk 1:24:17]} 5.Ng3 {[%clk 1:32:23]} 5...Bg6 {[%clk
1:24:39]} 6.Nh3 {[%clk 1:32:33]} 6...e6 {[%clk 1:24:42]} 7.Nf4 {[%clk 1:30:37]}
7...Bd6 {[%clk 1:24:54]} 8.Ngh5 {[%clk 1:30:16]} 8...Bxf4 {[%clk 1:22:31]}
9.Nxf4 {[%clk 1:28:11]} 9...Nf6 {[%clk 1:22:41]} 10.Nxg6 {[%clk 1:25:04]}
10...hxg6 {[%clk 1:23:03]} 11.c3 {[%clk 1:24:01]} 11...Nbd7 {[%clk 1:21:57]}
12.g3 {[%clk 1:18:06]} 12...Qa5 {[%clk 1:13:51]} 13.Bg2 {[%clk 1:14:25]}
13...Qf5 {[%clk 1:10:53]} 14.Qf3 {[%clk 0:59:34]} 14...Qxf3 {[%clk 1:02:43]}
15.Bxf3 {[%clk 0:58:52]} 15...e5 {[%clk 1:02:48]} 16.Be3 {[%clk 0:55:23]}
16...e4 {[%clk 1:00:31]} 17.Bg2 {[%clk 0:52:49]} 17...O-O {[%clk 0:57:40]}
18.O-O-O {[%clk 0:47:28]} 18...Rfe8 {[%clk 0:54:29]} 19.Rhe1 {[%clk 0:47:18]}
19...Nd5 {[%clk 0:50:20]} 20.Kc2 {[%clk 0:40:46]} 20...b5 {[%clk 0:44:38]}
21.Bc1 {[%clk 0:33:46]} 21...f5 {[%clk 0:44:49]} 22.Re2 {[%clk 0:32:28]}
22...N7f6 {[%clk 0:35:47]} 23.Rde1 {[%clk 0:31:23]} 23...Re6 {[%clk 0:34:40]}
24.Bg5 {[%clk 0:24:02]} 24...Kf7 {[%clk 0:25:36]} 25.f3 {[%clk 0:15:10]}
25...Rh8 {[%clk 0:22:19]} 26.Bxf6 {[%clk 0:11:44]} 26...Nxf6 {[%clk 0:17:33]}
27.fxe4 {[%clk 0:12:09]} 27...Nxe4 {[%clk 0:15:56]} 28.Bxe4 {[%clk 0:11:48]}
28...fxe4 {[%clk 0:15:40]} 29.h4 {[%clk 0:10:42]} 29...Rhe8 {[%clk 0:15:14]}
30.Kd2 {[%clk 0:10:29]} 30...g5 {[%clk 0:13:32]} 31.h5 {[%clk 0:06:41]} 31...g4
{[%clk 0:13:19]} 32.Rf1+ {[%clk 0:06:25]} 32...Rf6 {[%clk 0:13:22]} 33.Rxf6+
{[%clk 0:06:42]} 33...gxf6 {[%clk 0:10:19]} 34.Ke3 {[%clk 0:06:33]} 34...f5
{[%clk 0:10:39]} 35.Kf4 {[%clk 0:06:19]} 35...Kf6 {[%clk 0:11:04]} 36.b3 {[%clk
0:06:08]} 36...a5 {[%clk 0:07:54]} 37.Re1 {[%clk 0:04:50]} 37...Rd8 {[%clk
0:05:02]} 38.Rd1 {[%clk 0:04:02]} 38...Re8 {[%clk 0:03:39]} 39.Re1 {[%clk
0:04:29]} 39...Rh8 {[%clk 0:00:52]} 40.Rh1 {[%clk 0:34:43]} 40...Re8 {[%clk
0:31:04]} 41.Ke3 {[%clk 0:17:23]} 41...Kg7 {[%clk 0:27:03]} 42.h6+ {[%clk
0:16:42]} 42...Kh7 {[%clk 0:27:28]} 43.c4 {[%clk 0:15:23]} 43...bxc4 {[%clk
0:25:30]} 44.bxc4 {[%clk 0:15:52]} 44...a4 {[%clk 0:19:32]} 45.a3 {[%clk
0:11:21]} 45...Rd8 {[%clk 0:18:11]} 46.Rh2 {[%clk 0:11:04]} 46...Rd7 {[%clk
0:17:58]} 47.Rh5 {[%clk 0:10:34]} 47...Rf7 {[%clk 0:13:29]} 48.d5 {[%clk
0:09:46]} 48...c5 {[%clk 0:12:41]} 49.Kf4 {[%clk 0:08:29]} 49...Re7 {[%clk
0:09:17]} 50.Kxf5 {[%clk 0:07:05]} 50...e3 {[%clk 0:09:37]} 51.Rh1 {[%clk
0:07:34]} 51...e2 {[%clk 0:08:21]} 52.Re1 {[%clk 0:08:00]} 52...Rf7+ {[%clk
0:04:34]} 53.Ke6 {[%clk 0:06:49]} 53...Kg6 {[%clk 0:04:02]} 54.Rxe2 {[%clk
0:06:40]} 54...Rf6+ {[%clk 0:04:24]} 55.Kd7 {[%clk 0:06:56]} 55...Rf3 {[%clk
0:03:43]} 56.d6 {[%clk 0:06:39]} 56...Kf7 {[%clk 0:03:29]} 57.Kc7 {[%clk
0:06:00]} 1-0

[Event "Najdorf Memorial"]
[Site "Warsaw POL"]
[Date "2021.07.15"]
[Round "6.28"]
[White "Mohammadi Nia, Borna"]
[Black "Fiedorek, Michal"]
[Result "0-1"]
[WhiteElo "2079"]
[BlackElo "2234"]
[EventDate "2021.07.10"]
[PlyCount "86"]
[LiveChessVersion "1.4.8"]

1.e4 {[%clk 1:30:57]} 1...c5 {[%clk 1:30:56]} 2.Nf3 {[%clk 1:31:22]} 2...d6
{[%clk 1:31:21]} 3.d4 {[%clk 1:31:49]} 3...cxd4 {[%clk 1:31:46]} 4.Nxd4 {[%clk
1:32:14]} 4...Nf6 {[%clk 1:32:04]} 5.Nc3 {[%clk 1:32:37]} 5...Nc6 {[%clk
1:32:23]} 6.Bg5 {[%clk 1:32:48]} 6...e6 {[%clk 1:32:44]} 7.Qd2 {[%clk 1:33:13]}
7...a6 {[%clk 1:33:07]} 8.O-O-O {[%clk 1:33:37]} 8...Bd7 {[%clk 1:33:18]} 9.f4
{[%clk 1:34:01]} 9...Be7 {[%clk 1:33:33]} 10.Nf3 {[%clk 1:33:35]} 10...b5
{[%clk 1:33:46]} 11.Bxf6 {[%clk 1:33:41]} 11...gxf6 {[%clk 1:34:08]} 12.f5
{[%clk 1:33:46]} 12...Qb6 {[%clk 1:33:53]} 13.Kb1 {[%clk 1:33:45]} 13...O-O-O
{[%clk 1:33:58]} 14.Bd3 {[%clk 1:28:55]} 14...Kb8 {[%clk 1:33:32]} 15.Ne2
{[%clk 1:25:57]} 15...Ne5 {[%clk 1:29:12]} 16.Nfd4 {[%clk 1:10:02]} 16...b4
{[%clk 1:21:42]} 17.c4 {[%clk 1:06:59]} 17...bxc3 {[%clk 1:10:26]} 18.Qxc3
{[%clk 1:06:05]} 18...Ng4 {[%clk 1:06:05]} 19.Rd2 {[%clk 0:57:07]} 19...e5
{[%clk 0:42:43]} 20.Qb3 {[%clk 0:43:29]} 20...Qxb3 {[%clk 0:37:08]} 21.Nxb3
{[%clk 0:43:06]} 21...d5 {[%clk 0:32:41]} 22.Nc3 {[%clk 0:35:26]} 22...Bb4
{[%clk 0:29:50]} 23.Re2 {[%clk 0:29:40]} 23...Bxc3 {[%clk 0:25:41]} 24.bxc3
{[%clk 0:29:51]} 24...dxe4 {[%clk 0:24:07]} 25.Bxe4 {[%clk 0:29:59]} 25...Bb5
{[%clk 0:18:01]} 26.Rb2 {[%clk 0:29:56]} 26...Ka7 {[%clk 0:10:09]} 27.c4 {[%clk
0:15:26]} 27...Bxc4 {[%clk 0:08:46]} 28.Rc1 {[%clk 0:15:44]} 28...Bd5 {[%clk
0:07:54]} 29.Bxd5 {[%clk 0:13:09]} 29...Rxd5 {[%clk 0:08:18]} 30.Rc7+ {[%clk
0:11:59]} 30...Kb6 {[%clk 0:07:29]} 31.Rc4 {[%clk 0:09:39]} 31...Ne3 {[%clk
0:05:17]} 32.Nd4+ {[%clk 0:07:52]} 32...Rb5 {[%clk 0:05:13]} 33.Rc6+ {[%clk
0:06:53]} 33...Kb7 {[%clk 0:05:38]} 34.Nxb5 {[%clk 0:05:40]} 34...Kxc6 {[%clk
0:06:02]} 35.Nc3 {[%clk 0:05:30]} 35...Rg8 {[%clk 0:05:43]} 36.g3 {[%clk
0:05:34]} 36...Rg5 {[%clk 0:05:05]} 37.Re2 {[%clk 0:04:50]} 37...Nd5 {[%clk
0:04:35]} 38.Nxd5 {[%clk 0:03:21]} 38...Kxd5 {[%clk 0:05:00]} 39.Rd2+ {[%clk
0:03:45]} 39...Ke4 {[%clk 0:03:08]} 40.Rd6 {[%clk 0:33:57]} 40...Rxf5 {[%clk
0:33:06]} 41.Rxa6 {[%clk 0:34:21]} 41...Kf3 {[%clk 0:33:00]} 42.Ra7 {[%clk
0:32:14]} 42...e4 {[%clk 0:32:57]} 43.Kc2 {[%clk 0:31:45]} 43...e3 {[%clk
0:33:00]} 0-1

[Event "Najdorf Memorial"]
[Site "Warsaw POL"]
[Date "2021.07.15"]
[Round "6.29"]
[White "Kacprzak, Kacper"]
[Black "Paprocki, Jaroslaw"]
[Result "1/2-1/2"]
[WhiteElo "2075"]
[BlackElo "2231"]
[EventDate "2021.07.10"]
[PlyCount "70"]
[LiveChessVersion "1.4.8"]

1.d4 {[%clk 1:30:56]} 1...d5 {[%clk 1:20:16]} 2.c4 {[%clk 1:31:20]} 2...e6
{[%clk 1:20:15]} 3.Nc3 {[%clk 1:31:06]} 3...Nf6 {[%clk 1:20:19]} 4.cxd5 {[%clk
1:31:22]} 4...exd5 {[%clk 1:20:44]} 5.Bg5 {[%clk 1:31:48]} 5...Be7 {[%clk
1:18:38]} 6.e3 {[%clk 1:32:11]} 6...c6 {[%clk 1:17:34]} 7.Bd3 {[%clk 1:32:35]}
7...Nbd7 {[%clk 1:16:45]} 8.Nge2 {[%clk 1:32:19]} 8...h6 {[%clk 1:14:29]} 9.Bh4
{[%clk 1:28:59]} 9...Nh5 {[%clk 1:10:11]} 10.Bxe7 {[%clk 1:27:12]} 10...Qxe7
{[%clk 1:10:36]} 11.O-O {[%clk 1:26:43]} 11...O-O {[%clk 1:05:01]} 12.Qc2
{[%clk 1:24:26]} 12...g6 {[%clk 1:02:34]} 13.Rab1 {[%clk 1:13:25]} 13...a5
{[%clk 0:58:54]} 14.a3 {[%clk 1:12:38]} 14...Ndf6 {[%clk 0:54:20]} 15.Na4
{[%clk 1:03:13]} 15...Bg4 {[%clk 0:53:36]} 16.Rfe1 {[%clk 0:49:45]} 16...Bxe2
{[%clk 0:46:58]} 17.Qxe2 {[%clk 0:47:33]} 17...Nd7 {[%clk 0:41:39]} 18.Rbc1
{[%clk 0:43:03]} 18...f5 {[%clk 0:34:24]} 19.Nc5 {[%clk 0:38:58]} 19...Ndf6
{[%clk 0:29:06]} 20.b4 {[%clk 0:35:32]} 20...Rfc8 {[%clk 0:21:00]} 21.Qb2
{[%clk 0:25:05]} 21...axb4 {[%clk 0:16:26]} 22.axb4 {[%clk 0:23:27]} 22...b6
{[%clk 0:15:03]} 23.Na6 {[%clk 0:23:41]} 23...b5 {[%clk 0:14:55]} 24.Ra1 {[%clk
0:20:31]} 24...Ne8 {[%clk 0:12:02]} 25.Nc5 {[%clk 0:19:52]} 25...Nd6 {[%clk
0:12:13]} 26.Rxa8 {[%clk 0:19:27]} 26...Rxa8 {[%clk 0:12:40]} 27.Ra1 {[%clk
0:19:48]} 27...Ra7 {[%clk 0:11:41]} 28.Ra2 {[%clk 0:18:24]} 28...Kf7 {[%clk
0:08:56]} 29.Qa1 {[%clk 0:16:56]} 29...Rxa2 {[%clk 0:09:19]} 30.Qxa2 {[%clk
0:17:21]} 30...Qc7 {[%clk 0:08:01]} 31.Qa8 {[%clk 0:16:25]} 31...Nf6 {[%clk
0:05:56]} 32.g3 {[%clk 0:14:13]} 32...h5 {[%clk 0:05:52]} 33.h4 {[%clk 0:13:36]}
33...Nfe8 {[%clk 0:05:06]} 34.Kg2 {[%clk 0:12:55]} 34...Ke7 {[%clk 0:04:42]}
35.Bc2 {[%clk 0:11:16]} 35...Qc8 {[%clk 0:00:37]} 1/2-1/2

[Event "Najdorf Memorial"]
[Site "Warsaw POL"]
[Date "2021.07.15"]
[Round "6.30"]
[White "Siekanski, Janusz"]
[Black "Celinski, Kamil"]
[Result "0-1"]
[WhiteElo "2212"]
[BlackElo "1988"]
[EventDate "2021.07.10"]
[PlyCount "72"]
[LiveChessVersion "1.4.8"]

1.d4 {[%clk 1:30:54]} 1...Nf6 {[%clk 1:30:55]} 2.c4 {[%clk 1:31:19]} 2...e6
{[%clk 1:31:21]} 3.Nc3 {[%clk 1:31:44]} 3...d5 {[%clk 1:31:47]} 4.cxd5 {[%clk
1:31:22]} 4...exd5 {[%clk 1:32:12]} 5.Bg5 {[%clk 1:31:38]} 5...Be7 {[%clk
1:32:34]} 6.e3 {[%clk 1:31:57]} 6...c6 {[%clk 1:33:01]} 7.Bd3 {[%clk 1:32:15]}
7...O-O {[%clk 1:33:22]} 8.Qc2 {[%clk 1:30:15]} 8...Nbd7 {[%clk 1:33:35]}
9.Nge2 {[%clk 1:30:22]} 9...Re8 {[%clk 1:32:36]} 10.O-O {[%clk 1:30:31]}
10...Nf8 {[%clk 1:32:29]} 11.f3 {[%clk 1:29:54]} 11...Ng6 {[%clk 1:32:33]}
12.Rad1 {[%clk 1:24:56]} 12...h6 {[%clk 1:28:04]} 13.Bxf6 {[%clk 1:22:58]}
13...Bxf6 {[%clk 1:28:15]} 14.Bxg6 {[%clk 1:20:47]} 14...fxg6 {[%clk 1:26:29]}
15.e4 {[%clk 1:20:06]} 15...dxe4 {[%clk 1:17:47]} 16.fxe4 {[%clk 1:20:06]}
16...Bg5 {[%clk 1:17:09]} 17.e5 Kh7 {[%clk 1:14:43]} 18.Ne4 {[%clk 1:04:52]}
18...Bf5 {[%clk 1:12:27]} 19.N2g3 {[%clk 0:52:40]} 19...Bxe4 {[%clk 1:09:58]}
20.Nxe4 {[%clk 0:45:05]} 20...Be7 {[%clk 1:08:14]} 21.Qb3 {[%clk 0:29:11]}
21...Rb8 {[%clk 0:58:24]} 22.Rf7 {[%clk 0:19:51]} 22...Rf8 {[%clk 0:55:08]}
23.h3 {[%clk 0:15:36]} 23...Qe8 {[%clk 0:43:20]} 24.Rdf1 {[%clk 0:13:00]}
24...Qd8 {[%clk 0:34:11]} 25.Rd1 {[%clk 0:08:03]} 25...Qe8 {[%clk 0:34:32]}
26.e6 {[%clk 0:05:54]} 26...Rxf7 {[%clk 0:31:59]} 27.exf7 {[%clk 0:06:22]}
27...Qd7 {[%clk 0:32:03]} 28.d5 {[%clk 0:06:07]} 28...Qf5 {[%clk 0:32:03]}
29.Qf3 {[%clk 0:06:14]} 29...cxd5 {[%clk 0:26:56]} 30.Rxd5 {[%clk 0:06:43]}
30...Qe6 {[%clk 0:26:06]} 31.Nc5 {[%clk 0:03:41]} 31...Bxc5+ {[%clk 0:11:49]}
32.Rxc5 {[%clk 0:04:09]} 32...Rf8 {[%clk 0:12:13]} 33.Qd5 {[%clk 0:03:52]}
33...Qe3+ {[%clk 0:09:05]} 34.Kh1 {[%clk 0:02:49]} 34...Qf2 {[%clk 0:09:02]}
35.Qd6 {[%clk 0:00:53]} 35...Rxf7 {[%clk 0:09:08]} 36.Qe5 {[%clk 0:00:40]}
36...Rf5 {[%clk 0:09:20]} 0-1

[Event "Najdorf Memorial"]
[Site "Warsaw POL"]
[Date "2021.07.15"]
[Round "6.31"]
[White "Jakubowska, Anna"]
[Black "Kubicka, Anna"]
[Result "1/2-1/2"]
[WhiteElo "2073"]
[BlackElo "2210"]
[EventDate "2021.07.10"]
[PlyCount "60"]
[LiveChessVersion "1.4.8"]

1.e4 {[%clk 1:30:56]} 1...e5 {[%clk 1:30:54]} 2.Nf3 {[%clk 1:31:20]} 2...Nc6
{[%clk 1:31:20]} 3.Nc3 {[%clk 1:31:44]} 3...Nf6 {[%clk 1:30:45]} 4.g3 {[%clk
1:32:07]} 4...Bc5 {[%clk 1:30:09]} 5.Bg2 {[%clk 1:32:28]} 5...d6 {[%clk
1:30:22]} 6.d3 {[%clk 1:32:24]} 6...a6 {[%clk 1:29:56]} 7.O-O {[%clk 1:29:43]}
7...h6 {[%clk 1:28:18]} 8.Nd5 {[%clk 1:28:55]} 8...Nxd5 {[%clk 1:25:47]} 9.exd5
{[%clk 1:29:20]} 9...Ne7 {[%clk 1:26:07]} 10.d4 {[%clk 1:28:09]} 10...exd4
{[%clk 1:25:55]} 11.Nxd4 {[%clk 1:28:04]} 11...O-O {[%clk 1:25:38]} 12.Be3
{[%clk 1:23:53]} 12...Ng6 {[%clk 1:23:48]} 13.f4 {[%clk 1:17:10]} 13...Re8
{[%clk 1:20:02]} 14.Qd2 {[%clk 1:07:44]} 14...Qf6 {[%clk 1:15:16]} 15.c3 {[%clk
1:06:30]} 15...Bd7 {[%clk 1:13:45]} 16.Rae1 Re7 17.Bf2 {[%clk 0:53:59]}
17...Rae8 {[%clk 1:01:33]} 18.Rxe7 {[%clk 0:51:26]} 18...Rxe7 {[%clk 0:55:25]}
19.Re1 {[%clk 0:44:56]} 19...Rxe1+ {[%clk 0:52:02]} 20.Qxe1 Qe7 {[%clk 0:51:52]}
21.Qxe7 {[%clk 0:44:59]} 21...Nxe7 {[%clk 0:52:18]} 22.Nc2 {[%clk 0:45:10]}
22...Bxf2+ {[%clk 0:33:08]} 23.Kxf2 {[%clk 0:45:12]} 23...Bf5 {[%clk 0:33:00]}
24.Ne3 {[%clk 0:43:03]} 24...Bb1 {[%clk 0:33:25]} 25.a3 {[%clk 0:43:19]}
25...Kf8 {[%clk 0:32:43]} 26.Ke2 {[%clk 0:42:28]} 26...Ke8 {[%clk 0:25:55]}
27.Nc4 {[%clk 0:36:13]} 27...Ba2 {[%clk 0:18:59]} 28.Ne3 {[%clk 0:35:59]}
28...Bb1 {[%clk 0:16:04]} 29.Nc4 {[%clk 0:36:11]} 29...Ba2 {[%clk 0:14:09]}
30.Ne3 {[%clk 0:36:31]} 30...Bb1 {[%clk 0:14:33]} 1/2-1/2

[Event "Najdorf Memorial"]
[Site "Warsaw POL"]
[Date "2021.07.15"]
[Round "6.33"]
[White "Dzhuguryan, Tygran"]
[Black "Podgorski, Maciej"]
[Result "1-0"]
[WhiteElo "2176"]
[BlackElo "1908"]
[EventDate "2021.07.10"]
[PlyCount "49"]
[BlackTitle "I++"]
[WhiteTitle "k+"]

1.d4 Nf6 2.c4 g6 3.Nc3 Bg7 4.e4 d6 5.h3 O-O 6.Bg5 c5 7.d5 a6 8.a4 e6 9.Bd3 exd5
10.cxd5 Re8 11.Nf3 Qb6 12.Qc2 c4 13.Be2 Nxe4 14.Nxe4 Bf5 15.Nfd2 Bxb2 16.Rb1 c3
17.O-O Nd7 18.g4 Bxe4 19.Nxe4 Qb4 20.Bd3 Re5 21.Bc1 Rxd5 22.Bxb2 cxb2 23.Rxb2
Qd4 24.Rxb7 Rd8 25.Qc7 1-0

[Event "Najdorf Memorial"]
[Site "Warsaw POL"]
[Date "2021.07.15"]
[Round "6.34"]
[White "Kazmierowski, Tymon"]
[Black "Czernek, Tymon"]
[Result "0-1"]
[WhiteElo "1782"]
[BlackElo "2171"]
[EventDate "2021.07.10"]
[PlyCount "56"]
[BlackTitle "FM"]
[WhiteTitle "I+"]

1.e4 c5 2.Nf3 d6 3.d4 cxd4 4.Nxd4 Nf6 5.Nc3 a6 6.Be3 e5 7.Nb3 Be6 8.f3 Be7
9.Qd2 O-O 10.O-O-O a5 11.Qe1 Qc8 12.a4 Nc6 13.Kb1 Nb4 14.g4 d5 15.g5 Ne8
16.exd5 Bf5 17.Rc1 Qd8 18.Ne4 Qxd5 19.Qf2 Nd6 20.Bg2 Nxe4 21.fxe4 Bxe4 22.Bxe4
Qxe4 23.Bc5 Bxc5 24.Qxc5 Rfc8 25.Rhe1 Qg6 26.Qxe5 Nxc2 27.Qe4 Nxe1 28.Rxe1 Re8 0-1

[Event "Najdorf Memorial"]
[Site "Warsaw POL"]
[Date "2021.07.15"]
[Round "6.35"]
[White "Lukasiewicz, Krzysztof"]
[Black "Adamczyk, Zuzanna"]
[Result "1-0"]
[WhiteElo "2359"]
[BlackElo "1921"]
[EventDate "2021.07.10"]
[PlyCount "119"]
[BlackTitle "WCM"]
[WhiteTitle "FM"]

1.d4 Nf6 2.Nf3 g6 3.Bg5 Bg7 4.c3 c5 5.Nbd2 cxd4 6.cxd4 Qb6 7.Rc1 O-O 8.Nc4 Qd8
9.e3 d5 10.Ncd2 Qb6 11.Qb3 Qxb3 12.Nxb3 h6 13.Bf4 g5 14.Be5 Nc6 15.Bb5 Nxe5
16.Nxe5 Bf5 17.Rc7 Bb1 18.Ke2 Bxa2 19.Nd2 Ne4 20.Ra1 Nxd2 21.Kxd2 Bxe5 22.dxe5
a6 23.Bd3 Bc4 24.Bxc4 dxc4 25.Rxb7 Rab8 26.Rxb8 Rxb8 27.Kc3 Rb3+ 28.Kc2 Rb6
29.Ra4 Re6 30.f4 f6 31.Rxc4 gxf4 32.exf4 fxe5 33.f5 Rf6 34.g4 h5 35.h3 hxg4
36.hxg4 Kg7 37.Re4 e6 38.Rxe5 exf5 39.gxf5 Rc6+ 40.Kb3 Rb6+ 41.Ka3 Kf6 42.Rc5
Rd6 43.Ka4 Rd2 44.b3 Rd6 45.b4 Rd1 46.Rc6+ Kxf5 47.Rxa6 Ke5 48.Rc6 Kd5 49.Kb5
Rb1 50.Rc2 Kd6 51.Ka5 Kd7 52.b5 Rh1 53.Ka6 Kd8 54.b6 Ra1+ 55.Kb7 Rb1 56.Rd2+
Ke7 57.Kc7 Rc1+ 58.Kb8 Rb1 59.b7 Rb4 60.Ra2 1-0

[Event "Najdorf Memorial"]
[Site "Warsaw POL"]
[Date "2021.07.15"]
[Round "6.36"]
[White "Choroszej, Aleksander"]
[Black "Zylka, Stanislaw"]
[Result "0-1"]
[WhiteElo "2052"]
[BlackElo "2362"]
[EventDate "2021.07.10"]
[PlyCount "92"]
[BlackTitle "FM"]
[WhiteTitle "k"]

1.d4 Nf6 2.c4 e6 3.Nc3 Bb4 4.f3 c5 5.d5 O-O 6.e4 d6 7.Ne2 a6 8.Ng3 b5 9.a3 Ba5
10.Bf4 exd5 11.cxd5 Re8 12.Be2 c4 13.O-O Nbd7 14.Nf5 Nc5 15.Nd4 Qb6 16.Kh1 Bd7
17.Bg5 Nd3 18.Bxd3 Qxd4 19.Bc2 Qxd1 20.Raxd1 Bb6 21.e5 dxe5 22.Bxf6 gxf6 23.Ne4
Kg7 24.Ng3 Kh6 25.f4 Bd4 26.f5 a5 27.Ne4 Ra6 28.Rf3 Rd8 29.b3 Rb6 30.bxc4 bxc4
31.d6 Kg7 32.Rg3+ Kh8 33.Nxf6 Rxd6 34.Ne4 Rh6 35.Ng5 Rf8 36.Rb1 Rf6 37.Rd1 h6
38.Rh3 Kg7 39.Ne4 Rxf5 40.Rg3+ Kh8 41.Rb1 Rf4 42.Nd6 Be6 43.h3 Rf2 44.Be4 c3
45.Rc1 Rb8 46.Kh2 f5 0-1

[Event "Najdorf Memorial"]
[Site "Warsaw POL"]
[Date "2021.07.15"]
[Round "6.37"]
[White "Kozlowski, Michal"]
[Black "Goluch, Piotr"]
[Result "*"]
[WhiteElo "2043"]
[BlackElo "2333"]
[EventDate "2021.07.10"]
[PlyCount "66"]
[BlackTitle "IM"]
[WhiteTitle "I++"]

1.e4 c5 2.Nf3 d6 3.d4 cxd4 4.Nxd4 Nf6 5.Nc3 Nc6 6.Bc4 e6 7.Be3 a6 8.Qe2 Bd7
9.Bb3 b5 10.a4 b4 11.Na2 Nxe4 12.Nxc6 Bxc6 13.Nxb4 Qa5 14.c3 Bb7 15.O-O Be7
16.f3 Nf6 17.Qf2 Nd7 18.Qg3 O-O 19.Rad1 Qh5 20.Bd4 g6 21.Qe1 a5 22.Nd3 e5
23.Be3 d5 24.c4 Bd6 25.cxd5 Ba6 26.Rf2 Bxd3 27.Rxd3 e4 28.g4 Qh3 29.Rd4 Ne5
30.Rxe4 Nxf3+ 31.Rxf3 Qxf3 32.Rc4 Rae8 33.Rc3 Bf4 *

[Event "Najdorf Memorial"]
[Site "Warsaw POL"]
[Date "2021.07.15"]
[Round "6.38"]
[White "Dalkowski, Rafal"]
[Black "Karpus, Michal"]
[Result "1-0"]
[WhiteElo "1980"]
[BlackElo "2271"]
[EventDate "2021.07.10"]
[PlyCount "57"]
[BlackTitle "FM"]
[WhiteTitle "I++"]

1.d4 Nf6 2.c4 e6 3.Nf3 d5 4.Nc3 Nbd7 5.cxd5 exd5 6.Bg5 c6 7.e3 h6 8.Bh4 g5
9.Bg3 Nh5 10.Bd3 Nxg3 11.hxg3 Bg7 12.Qc2 Qe7 13.O-O O-O 14.Rab1 b6 15.b4 Bb7
16.g4 Nf6 17.Bf5 Ne8 18.Ne2 Nd6 19.Ng3 Nc4 20.Qb3 a5 21.Bc2 Bc8 22.Qd3 f5
23.bxa5 fxg4 24.Qh7+ Kf7 25.Nh5 Rg8 26.Ne5+ Nxe5 27.dxe5 b5 28.Qg6+ Kf8 29.f4 1-0

[Event "Najdorf Memorial"]
[Site "Warsaw POL"]
[Date "2021.07.15"]
[Round "6.39"]
[White "Bus, Konrad"]
[Black "Piotrowski, Pawel"]
[Result "1-0"]
[WhiteElo "2266"]
[BlackElo "2027"]
[EventDate "2021.07.10"]
[PlyCount "89"]
[BlackTitle "I++"]
[WhiteTitle "k"]

1.c4 Nf6 2.Nf3 e6 3.g3 b6 4.Bg2 Bb7 5.d4 Be7 6.O-O O-O 7.Nc3 d5 8.cxd5 exd5
9.Bf4 a6 10.Qb3 Ra7 11.Rfd1 Ne4 12.Rac1 Nxc3 13.Rxc3 Nc6 14.Qc2 Nb4 15.Bxc7
Nxc2 16.Bxd8 Nxd4 17.Nxd4 Rxd8 18.Rcd3 Bf6 19.b3 Ba8 20.Nf5 g6 21.Ne3 d4
22.Bxa8 Raxa8 23.Nc2 Rac8 24.R1d2 Rc3 25.Rxc3 dxc3 26.Rxd8+ Bxd8 27.Kg2 f5
28.Kf3 Kf7 29.Ke3 Ke6 30.Kd3 Bf6 31.Ne3 Kd6 32.Nd1 Bd4 33.e3 Bg7 34.Nxc3 Kc5
35.f3 Kb4 36.Nd5+ Ka3 37.Nxb6 Kxa2 38.Kc4 g5 39.g4 fxg4 40.fxg4 Be5 41.h3 Ka3
42.e4 Bc7 43.Nd7 Bd8 44.e5 Be7 45.e6 1-0

[Event "Najdorf Memorial"]
[Site "Warsaw POL"]
[Date "2021.07.15"]
[Round "6.40"]
[White "Siwiec, Arkadiusz"]
[Black "Liberadzki, Slawomir"]
[Result "1-0"]
[WhiteElo "2206"]
[BlackElo "2022"]
[EventDate "2021.07.10"]
[PlyCount "61"]
[BlackTitle "k"]
[WhiteTitle "I++"]

1.e4 c5 2.Nf3 e6 3.Nc3 Nc6 4.d4 cxd4 5.Nxd4 Qc7 6.Be3 a6 7.Bd3 Nf6 8.O-O Nxd4
9.Bxd4 Bc5 10.Be2 e5 11.Bxc5 Qxc5 12.Qd3 b5 13.Bf3 Bb7 14.Rfe1 d6 15.a4 b4
16.Na2 Ke7 17.Qb3 Rab8 18.Qxb4 Qxb4 19.Nxb4 Bxe4 20.Rxe4 Rhc8 21.Nxa6 Rb6
22.Nb4 Ke6 23.c3 Nxe4 24.Bxe4 Rc5 25.a5 Rbb5 26.a6 Ra5 27.Rd1 f5 28.Bb7 Kd7
29.Kf1 e4 30.Nd5 Ra2 31.b4 1-0